ECONOMISTAS Y SOCIEDAD

EL DESARROLLO D'PENSAMIENTO ECO. DESDE TOMAS DE AQUINO A K.

Guardat en:
Dades bibliogràfiques
Autor corporatiu: Finkelstein, Joseph
Format: Llibre
Etiquetes: Afegir etiqueta
Sense etiquetes, Sigues el primer a etiquetar aquest registre!

MARC

LEADER 00000nam^a2200000^a^4500
001 000204352
005 20250521000000.0
009 20260310103042.526
035 |a 028069 
037 |a Acervo Xavier Clavigero 
082 |a 330. 4  |b FIN 
110 |a Finkelstein, Joseph 
245 1 0 |a ECONOMISTAS Y SOCIEDAD 
264 |a MEXICO :  |b LOGOS CONSORCIO, S.A.,  |c 1976 
336 |a texto  |b txt  |2 rdacontenido 
337 |a sin mediación  |b n  |2 rdamedio 
338 |a volumen  |b nc  |2 rdasoporte 
520 |a EL DESARROLLO D'PENSAMIENTO ECO. DESDE TOMAS DE AQUINO A K. 
649 |a XX 
910 |a Fondo General 
920 |a Impresos - Libros 
930 |a Colección General 
905 |a 101 
901 |a 028069  |b IT1  |c ACC  |i 028069  |u 20250521 
902 |a https://opac.biblio.iteso.mx/vufind/Record/000204352